Revista de estudios de la administración local y autonómica / (Record no. 4132)

MARC details
000 -LEADER
fixed length control field 01500nas a22003017a 4500
005 - DATE AND TIME OF LATEST TRANSACTION
control field 20200506112431.0
007 - PHYSICAL DESCRIPTION FIXED FIELD--GENERAL INFORMATION
fixed length control field cr
008 - FIXED-LENGTH DATA ELEMENTS--GENERAL INFORMATION
fixed length control field 180730cr ag f||p| |||| |0| 0 spa d
022 ## - INTERNATIONAL STANDARD SERIAL NUMBER
International Standard Serial Number 1699-7479
082 14 - DEWEY DECIMAL CLASSIFICATION NUMBER
Edition number 14
Classification number 350
245 00 - TITLE STATEMENT
Title Revista de estudios de la administración local y autonómica /
Statement of responsibility, etc Instituto Nacional de Administración Pública .
260 ## - PUBLICATION, DISTRIBUTION, ETC. (IMPRINT)
Place of publication, distribution, etc Madrid :
Name of publisher, distributor, etc INAP ,
Date of publication, distribution, etc 2006 -
300 ## - PHYSICAL DESCRIPTION
Extent Impresa y digital.
310 ## - CURRENT PUBLICATION FREQUENCY
Current publication frequency Semestral
362 ## - DATES OF PUBLICATION AND/OR SEQUENTIAL DESIGNATION
Dates of publication and/or sequential designation Nº 300-301 (ene.-ago. 2006) -
500 ## - GENERAL NOTE
General note La publicación tiene carácter multidisciplinar, especialmente en aquellas ciencias sociales que contribuyen a la comprensión del objeto de la revista: derecho, ciencia de la administración, ciencia política, gestión pública, sociología y economía.
515 ## - NUMBERING PECULIARITIES NOTE
Linkage El Nº 300 y el Nº 301 están editados en un mismo ejemplar.
550 ## - ISSUING BODY NOTE
Issuing body note El Instituto Nacional de Administración Pública (INAP) es un organismo autónomo adscrito al Ministerio de Política Territorial y Función Pública, a través de la Secretaría de Estado de Función Pública desde el año 2017.
650 27 - SUBJECT ADDED ENTRY--TOPICAL TERM
Source of heading or term unescot
9 (RLIN) 1535
Topical term or geographic name as entry element ADMINISTRACION PUBLICA
650 27 - SUBJECT ADDED ENTRY--TOPICAL TERM
Source of heading or term unescot
9 (RLIN) 1179
Topical term or geographic name as entry element ADMINISTRACION LOCAL
650 24 - SUBJECT ADDED ENTRY--TOPICAL TERM
9 (RLIN) 5871
Topical term or geographic name as entry element COMUNIDAD AUTONOMA
651 27 - SUBJECT ADDED ENTRY--GEOGRAPHIC NAME
Source of heading or term unescot
9 (RLIN) 2370
Geographic name ESPAÑA
710 1# - ADDED ENTRY--CORPORATE NAME
Corporate name or jurisdiction name as entry element España . Instituto Nacional de Administración Pública
9 (RLIN) 5873
856 41 - ELECTRONIC LOCATION AND ACCESS
Uniform Resource Identifier <a href="http://revistasonline.inap.es/index.php?journal=REALA">http://revistasonline.inap.es/index.php?journal=REALA</a>
869 ## - Existencias
Año 2006
Número 300-302
869 ## - Existencias
Año 2007
Número 305
942 ## - ADDED ENTRY ELEMENTS (KOHA)
Source of classification or shelving scheme Dewey Decimal Classification
Item type Revista o publicación periódica
Holdings
Withdrawn status Lost status Source of classification or shelving scheme Damaged status Not for loan Collection code Home library Current library Date acquired Source of acquisition Serial Enumeration / chronology Full call number Barcode Date last seen Price effective from Koha item type
    Dewey Decimal Classification   Consultar Disponibilidad Revistas Biblioteca Central DEPOSITO 30/07/2018 Donación Nº 300-301 (ene.-ago. 2006) H 350 REV UNAJ18070246 17/03/2025 30/07/2018 Revista o publicación periódica
    Dewey Decimal Classification   Consultar Disponibilidad Revistas Biblioteca Central DEPOSITO 30/07/2018 Donación Nº 302 (sep.-dic. 2006) H 350 REV UNAJ18070247 17/03/2025 30/07/2018 Revista o publicación periódica
    Dewey Decimal Classification   Consultar Disponibilidad Revistas Biblioteca Central DEPOSITO 30/07/2018 Donación Nº 305 (sep.-dic. 2007) H 350 REV UNAJ18070248 17/03/2025 30/07/2018 Revista o publicación periódica

Lunes a Viernes 8:30 a 19:00 hs. Cerrado por mudanza
Av.Calchaqui 6200 Florencio Varela (CP188) 2°piso Edificio Mosconi Aula 209-210
Mail: bibliotecacentralunaj@gmail.com  
Whatsapp(54 9)1122668024    ❔Pregunte a la bibliotecaria
© Universidad Nacional Arturo Jauretche | Secretaría Académica | Biblioteca Central UNAJ